What Am I? #2 - Statistics

General Stats
  • This quiz has been taken 108 times
  • The average score is 9 of 10
Answer Stats
Hint What Am I? % Correct
I work in a restaurant. I cook food. I am in charge of the kitchen Chef
98%
I work in a hospital. I help sick people. I am not a doctor. Nurse
98%
I work in a classroom. I help people learn. I have many students Teacher
94%
I visit many countries. I work in a cockpit. I control an airplane Pilot
93%
I wear a special suit. I fly in a rocket. I sometimes do a spacewalk Astronaut
91%
I grow crops. I also keep animals. I sometimes drive a tractor Farmer
91%
I work in a restaurant. I take your food order. I bring food to your table(Man) Waiter
91%
I drive a car. I pick people up. I take people where they want to go Taxi Driver
87%
I drive a big red truck. I sometimes climb ladders. I put out fires Firefighter
74%
I wear a uniform. I catch criminals. You can call me in an emergency Police Officer
69%
No matching quizzes found
Score Distribution
Percent of People with Each Score
Percentile by Number Answered
Your Score History
You have not taken this quiz